000 00652nam a2200205 i 4500
001 112364
003 ES-MaACL
005 20251207132807.0
007 t|
008 061121s1961 sp r ||||1| cat d
100 1 _aEspinalt, Carles M.,
_d1920-1993
_984412
245 1 0 _aSaber-se entendre /
_cCarles Muñoz Espinalt.
260 _aBarcelona :
_bDalmau,
_c1961.
300 _a57 p. ;
_c20 cm.
490 1 _aCol·lecció Panorama Actual de Les Idees ;
_v8
650 0 7 _aPsicología
_2embne
_916540
830 0 _aCol·lecció Panorama Actual de Les Idees
_v8
_9233124
852 _aES-MaACL
_jC-25480
_bR.48730
999 _c112364
_d112364